000 00335nam a22001457a 4500
008 210311b ||||| |||| 00| 0 eng d
020 _a0030078113
041 _aeng
080 _a510
082 _a510
100 _a36
101 _aMAT
245 _aNonparametric Methods for Quantitative Analysis
_cGibbons,D,J
942 _2udc
_cBK
999 _c56416
_d56416